The Kingpin - Portrayals by Picture - Statistics

General Stats
  • This quiz has been taken 9 times
  • The average score is 3 of 13
Answer Stats
Picture Answer % Correct
Michael Clarke Duncan
83%
John Rhys-Davies
33%
Liev Schreiber
33%
Michael Clarke Duncan
33%
John DiMaggio
17%
Roscoe Lee Brown
17%
Travis Willingham
17%
Vincent D'Onfrio
17%
Gregg Berger
0%
G. Stanley Jones
0%
Tom Harvey
0%
Travis Willingham
0%
Walker Edmiston
0%
No matching quizzes found
Score Distribution
Percent of People with Each Score
Percentile by Number Answered
Your Score History
You have not taken this quiz